000 00452nam a2200181Ia 4500
008 230524s9999 xx 000 0 und d
020 _a0534371736
082 _a621.38216
_bPRO
100 _aJohn G.Proakis
245 0 _aContemporary Communication Systems Using MATLAB
250 _a1ST
260 _aNEW DELHI
_bVikas
_c2000
300 _a428
500 _aQuantity Number: 1
650 _aElectronics
700 _a Masoud Salehi
942 _cBK
999 _c6593
_d6593